000 00345nam a22001217a 4500
999 _c9597
_d9597
003 OSt
008 201203b ||||| |||| 00| 0 eng d
245 _aIndustrial Products Finder
250 _a2011(Jul Vol.39 No.10, Aug Vol.39 No.11, Sep Vol.39 No.12)
260 _aChennai
_bIPF Publications
650 _aMechanical Engineering
942 _2ddc
_cBV